| 000 | 01104cam a22003251 4500 | ||
|---|---|---|---|
| 001 | 62493 | ||
| 003 | BD-RjUL | ||
| 005 | 20211209081107.0 | ||
| 008 | 090330r1968 enkak b 000 0 eng | ||
| 020 | _a0434901059 | ||
| 035 | _a(BD-RjUL) | ||
| 040 |
_aDLC _cDLC _dDLC _beng |
||
| 041 | _aeng | ||
| 082 | 0 | 0 |
_a657.42 _223 _bCOS 1968 |
| 100 | 1 |
_aBatty, J. _q(Joseph), _d1929- _9229807 |
|
| 245 | 1 | 0 |
_aCost and management accountancy for students / _cedited by J. Batty. |
| 260 |
_aLondon : _bHeinemann , _c1968. |
||
| 300 |
_axiii, 338 p. _billus., forms. _c23 cm. |
||
| 350 | _a55/- | ||
| 490 | 0 | _aHeinemann Accountancy and administration series | |
| 500 | _aArticles appeared originally in the official journal of The Institute of Cost and Works Accountants, The cost accountant. | ||
| 504 | _aBibliography: p. 332. | ||
| 650 | 0 |
_aCost accounting. _9229808 |
|
| 710 | 2 |
_aInstitute of Cost and Works Accountants (Great Britain) _9229809 |
|
| 906 |
_a7 _bcbc _corignew _du _encip _f19 _gy-gencatlg |
||
| 942 |
_2ddc _cBK |
||
| 999 |
_c62493 _d62493 |
||